000 00303nam a22001337a 4500
008 171018b xxu||||| |||| 00| 0 eng d
020 _a0072865199
041 _aeng
080 _a338
100 _a53
101 _aMEN
245 _aESSENTIALS OF CONTEMPORARY MANAGEMENT
_cJONES,G.R
942 _2udc
_cBK
999 _c34631
_d34631